Vista normal Vista MARC

Entrada Topical Term

Número de registros utilizados en: 1

001 - CONTROL NUMBER

  • control field: 4060

003 - CONTROL NUMBER IDENTIFIER

  • control field: OSt

005 - DATE AND TIME OF LATEST TRANSACTION

  • control field: 20200507104651.0

008 - FIXED-LENGTH DATA ELEMENTS

  • fixed length control field: 200507|| aca||aabn | a|a d

040 ## - CATALOGING SOURCE

  • Original cataloging agency: OSt
  • Transcribing agency: OSt

150 ## - HEADING--TOPICAL TERM

  • Topical term or geographic name entry element: Planificación regional

670 ## - SOURCE DATA FOUND

  • Source citation: Work cat.: (OSt)5044: Franco Silva, Francisco Javier, autor 4059, La investigación regional y urbana en Colombia : , 1998